| 000 | 00634nam a22002057a 4500 | ||
|---|---|---|---|
| 008 | 151015b xxu||||| |||| 00| 0 eng d | ||
| 020 | _a0471226939 | ||
| 041 | 0 | _aeng | |
| 080 | _a621.3 | ||
| 100 | 1 | _aMohan, Ned. | |
| 245 | 1 | 0 |
_aPower electronics : _cNed Mohan, Tore M. Undeland, William P. Robbins. |
| 250 | _a3rd ed. | ||
| 260 |
_aHoboken, NJ : _bJohn Wiley & Sons, _c2003. |
||
| 300 |
_axvii, 802 f. : _bme il.; _c26 cm. + _e1 CR-ROM (4 3/4 in.) |
||
| 650 | 0 | _aElektronika | |
| 650 | 0 | _aElektroteknika | |
| 700 | 1 | _aUndeland, Tore M. | |
| 700 | 1 | _aRobbins, William P. | |
| 942 |
_2udc _cBK |
||
| 999 |
_c1301 _d1301 |
||